LEADER 01272nam a2200289 i 4500 001 000000174567 003 CaOOAMICUS 005 20181115155500.0 008 081106s1962 it u000 u ita u 013 $a152043 040 $aSeMil$bita 100 1 $aIsambert, Andre <1924-2017>.$0(OLS)http://semarc/name/93639 240 13$aLe guide des parents.$0(OLS)http://semarc/title/250239 245 10$aGuida dei genitori e degli educatori /$c[scritti di] A. Isambert ... [et al.]. 260 $aMilano :$bIstituto ĞLa Casağ,$cstampa 1962. 300 $a861 p., [15] p. di tav. :$bill. ;$c22 cm. 490 0 $aLa piramide [Istituto La casa] 500 $aNell'ed. italiana capitoli aggiunti di S. Bigatello, S. Riva, R. Baschera. 650 4$aEducazione.$0(OLS)http://semarc/subject/204 650 4$aPsicologia infantile.$0(OLS)http://semarc/subject/6507 830 3$aLa piramide.$0(OLS)http://semarc/title/419905 850 $aSeMil 852 $aSeMil$W1$xVenegono$y1$m2Q III 484$j125403$B125403$CSeMilBibl$Z2$F143596 $81 961 $aOmaggio: Giavini Don Emilio 996 $6245$aGuida dei genitori e degli educatori$9(OLS)http://semarc/title/250238 996 $6260$aMilano :$bIstituto ĞLa Casağ$9(OLS)http://semarc/publisher/31690 LEADER 00441nab a2200145 i 4500 001 000000260582 003 CaOOAMICUS 005 20050318000000.0 008 050318n xx uu u0 0und r 013 $a1349 040 $aSeMil$bita 245 10$a[SENZA TITOLO]. 500 $aJanuary 2005. 773 0 $t[2005.$dWashington : The Catholic Biblical Association of America, copyr. 2005.$w()116790 996 $6245$a[SENZA TITOLO]$9(OLS)http://semarc/title/354609